| 000 | 01631cam a2200421 a 4500 | ||
|---|---|---|---|
| 001 | 9265 | ||
| 003 | FISKH | ||
| 005 | 20260106085354.0 | ||
| 008 | 040223s2003 nyua j 000 0 eng | ||
| 010 | _a 2004269561 | ||
| 020 | _a0439549809 | ||
| 020 | _a9780439549806 | ||
| 020 | _a9780439625340 | ||
| 035 | _a13498995 | ||
| 035 | _a(OCoLC)53467270 | ||
| 040 |
_aIOJ _cIOJ _dDLC _beng |
||
| 050 | 0 | 0 |
_aQC941.3 _b.B47 2003 |
| 082 | 0 | 0 |
_a551.55 _222 |
| 100 | 1 | _aBerger, Melvin. | |
| 245 | 1 | 0 |
_aHurricanes have eyes but can't see : _band other amazing facts about wild weather / _cby Melvin and Gilda Berger. |
| 260 |
_aNew York : _bScholastic Inc., _c2003. |
||
| 300 |
_a48 pages : _bcolor illustrations ; _c26 cm |
||
| 490 | 0 | _aSpeedy facts | |
| 505 | 0 | _aIntroduction -- Thunderstorms -- Monsoons -- Hurricanes -- Tornadoes -- Blizzards -- Rainstorms -- Ice storms -- Droughts -- Dust storms -- Hailstorms -- Fog -- Heat waves -- Forecasting wild weather. | |
| 520 | _aWeather can be wild. Thunderstorms, hurricanes, tornadoes, and other storms can cause accidents, damage property, and injure people. Learn about what makes wild weather and what you can do to keep safe. | ||
| 650 | 0 |
_aStorms _vJuvenile literature. |
|
| 650 | 1 | _aTornadoes. | |
| 650 | 1 | _aHurricanes. | |
| 650 | 1 | _aQuestions and answers. | |
| 650 | 1 | _aBlizzards. | |
| 650 | 1 | _aWeather. | |
| 650 | 1 | _aMeteorology. | |
| 655 | 7 |
_aLiterature. _2lcgft _0https://id.loc.gov/authorities/genreForms/gf2014026415 |
|
| 700 | 1 |
_aBerger, Gilda. _eAuthor |
|
| 906 |
_a7 _bcbc _ccopycat _d2 _encip _f20 _gy-gencatlg |
||
| 942 |
_2ddc _cBK _n0 |
||
| 999 |
_c9265 _d9265 |
||